000 01399cam a22001814a 4500
005 20250605164349.0
008 250528s ||||||||||||||||||||||||d
035 _a24095
040 _aGR-AtMCL
_bgre
_dGR-AtMCL
_eAACR2
245 1 _aΑνάγκη για Ισχυρό Τραπεζικό Σύστημα
260 _bΕμπορικό Και Βιομηχανικό Επιμελητήριο Αθηνών,
_c2018
300 _a64
520 _aΕνημερωτική Εκδήλψση στο Ε.Β.Ε.Α. για την Οικονομία της Κούβας, Θετικός Απολογισμός για την Επιχειρηματική Αποστολή του Ε.Β.Ε.Α. στον Λίβανο, Σε Κρίσιμο Σταυροδρόμι η Οικονομία, Οι Παγίδες στη Μείωση των Εισφορών, Σε Ισχυρή Τροχιά Ανάπτυξης οι Ελληνικές Εξαγωγές προς Όλους τους Προορισμούς, Οι Έλληνες Ξενιτεύονται. Ως Πότε Ακόμη;, Τα Επιχειρηματικά Σχέδια Δ.Ε.Η. - ΕΛ.ΠΕ. για τις Ανανε΄ωσιμες Πηγές Ενέργειας, Σπαέι τα Κοντέρ η Ελληνική Τουριστική Βιομηχανία.
700 1 _aΜίχαλος Κωνσταντίνος
_94319
942 _cCR
999 _c8994
_d8994